Uma canção de Natal (Registo nº 1343)

Detalhes MARC
000 -Etiqueta do registo
Cabeçalho 00701nam0a2200241 4500
005 - Identificador da versão
Campo de controlo 20240813121833.0
010 ## - Número internacional normalizado dos livros (ISBN)
Número (ISBN) 9789898205735
021 ## - Número do Depósito Legal
Código do país PT
Número 334076/11
100 ## - Dados gerais de processamento
Dados gerais de processamento 20151016d2011 a y0pory5003 ba
102 ## - Pais de publicação ou produção
País de publicação Portugal
101 0# - Língua de publicação
Língua do texto, banda sonora, etc. Português
215 ## - Descrição física 
Indicação específica da natureza do documento e extensão da espécie 152 p.
Outras indicações físicas il. color
200 1# - Titulo e menção de responsabilidade
Título próprio Uma canção de Natal
Primeira menção de responsabilidade Charles Dickens
Outras menções de responsabilidade il. Roberto Innocenti
210 ## - Publicação, Distribuição, etc. 
Lugar da edição, distribuição, etc. Matosinhos
Nome do editor, distribuidor, etc. Kalandraka
Data da publicação, distribuição, etc. 2011
606 ## - Nome comum usado como assunto
Número de registo de entrada de autoridade 0002036
Palavra de ordem Literatura inglesa
Subdivisão de assunto Conto
Código do sistema CA
675 ## - Classificação Decimal Universal (CDU)
Notação 821.111-34
Edição 3ª ed.
Língua da edição por
701 #1 - Nome de autor-pessoa física (co-responsabilidade principal)
Palavra de ordem Innocenti
Outra parte do nome não tomada para palavra de ordem Roberto
Código de função Ilustrador / Técnico de desenho computorizado
700 #1 - Nome de autor-pessoa física (responsabilidade principal)
Número de registo de entrada de autoridade 0001904
Palavra de ordem Dickens
Outra parte do nome não tomada para palavra de ordem Charles
Datas 1812-1870
966 ## - Identificação da Biblioteca
Sigla EB2,3ENM
942 ## - Elementos de entrada adicionados (Koha)
Tipo de item no Koha Livro
Exemplares
Situação do levantamento Origin of item (home branch) (coded) Biblioteca de empréstimo Código de barras Cota Circulation type (not for loan) Tipo de documento Nota do exemplar Damaged status
  Biblioteca Escolar Eng. Nuno Mergulhão Biblioteca Escolar Eng. Nuno Mergulhão BENM3086 82LE-34 DIC   Livro Sem mensagem